[Event "36. Copenhagen Open (Politiken Cup)"]
[Site "Elsinore"]
[Date "2014.07.24"]
[Round "5"]
[White "Dyrnes, Jussi"]
[Black "Nilssen, Ellen Fredericia"]
[Result "1-0"]
[WhiteElo "1834"]
[BlackElo "1646"]
[PlyCount "137"]
[EventDate "2014.07.21"]
[EventType "swiss"]
[EventRounds "10"]
[EventCountry "DEN"]
[Source "ChessBase"]
[SourceDate "2014.08.29"]

1. c4 e6 2. Nc3 d5 3. d4 Be7 4. Nf3 Nf6 5. Bg5 Nbd7 6. cxd5 exd5 7. e3 c6 8.
Qc2 O-O 9. Bd3 Re8 10. h4 b5 11. Ne5 Bb7 12. Nxd7 Qxd7 13. Bxf6 Bxf6 14. Bxh7+
Kf8 15. Kf1 Bc8 16. Ne2 a5 17. Nf4 Ba6 18. Bf5 Qd6 19. Rd1 Red8 20. h5 Be7 21.
g3 Qf6 22. Kg2 Bc8 23. Bxc8 Raxc8 24. Rh3 Bd6 25. Nd3 Be7 26. Nc5 Bxc5 27.
Qxc5+ Qd6 28. Qxd6+ Rxd6 29. Rdh1 a4 30. h6 gxh6 31. Rxh6 Rxh6 32. Rxh6 Kg7 33.
Rd6 Rc7 34. Kf3 Kf8 35. Kf4 Ke7 36. Ke5 Rc8 37. Rh6 b4 38. b3 axb3 39. axb3 c5
40. dxc5 Rxc5 41. Rb6 Rc2 42. Rb7+ Kd8 43. Rxf7 Rc3 44. Kxd5 Rxb3 45. Kc4 Rb1
46. Rf5 Kd7 47. Rb5 Rf1 48. f4 Rf3 49. Kd4 Rxg3 50. Rxb4 Ke6 51. Rb6+ Kf5 52.
Rb5+ Kf6 53. Ke4 Rg1 54. Rb6+ Kf7 55. Kf5 Ra1 56. Rb7+ Ke8 57. e4 Ra6 58. e5
Ra4 59. Kg5 Re4 60. Ra7 Kf8 61. Kf5 Rb4 62. e6 Rc4 63. Kg5 Rb4 64. f5 Rb8 65.
Kf6 Kg8 66. Kg6 Re8 67. f6 Kh8 68. Rh7+ Kg8 69. f7+ 1-0

[Event "36. Copenhagen Open (Politiken Cup)"]
[Site "Elsinore"]
[Date "2014.07.24"]
[Round "5"]
[White "Englert, Fabian"]
[Black "Rossen, Claus"]
[Result "1/2-1/2"]
[WhiteElo "2304"]
[BlackElo "2123"]
[PlyCount "49"]
[EventDate "2014.07.21"]
[EventType "swiss"]
[EventRounds "10"]
[EventCountry "DEN"]
[Source "ChessBase"]
[SourceDate "2014.08.29"]

1. d4 Nf6 2. Nf3 g6 3. c4 Bg7 4. Nc3 d5 5. Qa4+ Bd7 6. Qb3 dxc4 7. Qxc4 O-O 8.
e4 Bg4 9. Ne5 Be6 10. d5 Nfd7 11. Nxg6 fxg6 12. dxe6 Ne5 13. Qd5 Nbc6 14. Be2
Nd4 15. Qxd8 Raxd8 16. O-O Nxe2+ 17. Nxe2 Nd3 18. Bg5 Bf6 19. Bh6 Bg7 20. Bg5
Bf6 21. Bxf6 Rxf6 22. Rad1 Rxe6 23. e5 Rxe5 24. Nf4 Rd4 25. Nxd3 1/2-1/2

[Event "36. Copenhagen Open (Politiken Cup)"]
[Site "Elsinore"]
[Date "2014.07.24"]
[Round "5"]
[White "Eriksson, Christian Altenburg"]
[Black "Thomsen, Kim"]
[Result "1-0"]
[WhiteElo "2153"]
[BlackElo "1994"]
[PlyCount "167"]
[EventDate "2014.07.21"]
[EventType "swiss"]
[EventRounds "10"]
[EventCountry "DEN"]
[Source "ChessBase"]
[SourceDate "2014.08.29"]

1. e4 c5 2. c3 Nf6 3. e5 Nd5 4. d4 cxd4 5. Nf3 Nc6 6. cxd4 d6 7. Bc4 Nb6 8. Bb3
dxe5 9. d5 Na5 10. Nc3 Nxb3 11. Qxb3 e6 12. Nxe5 Qd6 13. Qb5+ Bd7 14. Nxd7 Qxd7
15. dxe6 fxe6 16. O-O Qxb5 17. Nxb5 Nd5 18. Re1 Kf7 19. Nd4 Re8 20. Nf3 h6 21.
Ne5+ Kf6 22. Bd2 Bd6 23. Nc4 Bc7 24. g3 Rc8 25. Rac1 b5 26. Ne3 Nxe3 27. Rxe3
Bb6 28. Rf3+ Kg6 29. Re1 Rhe8 30. Bc3 Rcd8 31. Rf4 h5 32. h4 a6 33. Kg2 Rd7 34.
Rfe4 Kf7 35. Rf4+ Kg6 36. Re2 Rd5 37. g4 Re7 38. Rfe4 Kf7 39. a4 Re8 40. axb5
axb5 41. Be5 hxg4 42. Rf4+ Kg8 43. Rxg4 Rd7 44. Bc3 Rf7 45. Rge4 Ba7 46. Be5
Rd7 47. Rg4 Bc5 48. Rc2 Bf8 49. Re4 Kh7 50. Rc6 Kg6 51. Bc3 Kf7 52. Rb6 Rd5 53.
Rb7+ Re7 54. Rf4+ Rf5 55. Rxf5+ exf5 56. Rxb5 g6 57. h5 Re6 58. Rb7+ Kg8 59.
hxg6 Rxg6+ 60. Kf3 Bd6 61. Rd7 Re6 62. b3 Rh6 63. Ke2 Re6+ 64. Kf3 Rh6 65. Bd2
Rh3+ 66. Ke2 Bf8 67. Rb7 Kh8 68. Be3 Rh4 69. Kd3 Kg8 70. Bd4 Rh1 71. Be3 Rb1
72. Kc4 Rd1 73. Rb5 f4 74. Bxf4 Kf7 75. Rf5+ Ke7 76. Bg5+ Ke8 77. Rd5 Rf1 78.
Be3 Kf7 79. b4 Rb1 80. Rf5+ Ke8 81. Bc5 Bg7 82. Kb5 Bc3 83. Kc6 Bxb4 84. Rf8#
1-0

[Event "36. Copenhagen Open (Politiken Cup)"]
[Site "Elsinore"]
[Date "2014.07.24"]
[Round "5"]
[White "Fries Nielsen, Jens Ove"]
[Black "Moiseenko, Alexander"]
[Result "0-1"]
[WhiteElo "2398"]
[BlackElo "2707"]
[PlyCount "88"]
[EventDate "2014.07.21"]
[EventType "swiss"]
[EventRounds "10"]
[EventCountry "DEN"]
[Source "ChessBase"]
[SourceDate "2014.08.29"]

1. d4 Nf6 2. Bf4 c5 3. d5 b5 4. g4 Qa5+ 5. c3 Bb7 6. Bg2 Qa4 7. Qxa4 bxa4 8. c4
Nxg4 9. Nc3 d6 10. Nxa4 g6 11. Nf3 Bg7 12. O-O Nd7 13. Rab1 Nb6 14. Nxb6 axb6
15. h3 Nf6 16. e4 Rxa2 17. e5 Nh5 18. Bh2 dxe5 19. Nxe5 O-O 20. b4 Bc8 21. Nc6
Bf6 22. Rfe1 Bf5 23. Rbc1 cxb4 24. Nxb4 Ra7 25. Nc6 Rd7 26. Ne5 Ra7 27. Nc6 Rd7
28. Ne5 Bxe5 29. Bxe5 Rc8 30. Bd4 Bd3 31. Bxb6 Rxc4 32. Be3 Kg7 33. Rcd1 Bf5
34. Bd4+ f6 35. Bf1 Rcc7 36. Bb6 Rb7 37. Bc5 Nf4 38. Ba6 Rbc7 39. Bb6 Rc2 40.
d6 Nxh3+ 41. Kg2 exd6 42. Rc1 Nf4+ 43. Kf3 Nd3 44. Bxd3 Bxd3 0-1

[Event "36. Copenhagen Open (Politiken Cup)"]
[Site "Elsinore"]
[Date "2014.07.24"]
[Round "5"]
[White "Fries Nielsen, Niels Jorgen"]
[Black "Hinrichs, Jan"]
[Result "1-0"]
[WhiteElo "2297"]
[BlackElo "2124"]
[PlyCount "71"]
[EventDate "2014.07.21"]
[EventType "swiss"]
[EventRounds "10"]
[EventCountry "DEN"]
[Source "ChessBase"]
[SourceDate "2014.08.29"]

1. g3 d5 2. Bg2 c5 3. Nf3 g6 4. d4 cxd4 5. Nxd4 Bg7 6. O-O Nf6 7. c3 O-O 8. Nd2
e5 9. Nc2 Nc6 10. Nf3 Bf5 11. Ne3 Be4 12. Nc2 Qd7 13. Bg5 Rac8 14. Qd2 h6 15.
Bxf6 Bxf6 16. Rac1 Kg7 17. Rfd1 Qe6 18. Nfe1 Rfd8 19. b3 Bg5 20. e3 Bxg2 21.
Nxg2 d4 22. cxd4 exd4 23. Nf4 Bxf4 24. exf4 d3 25. Ne1 Nd4 26. Rxc8 Ne2+ 27.
Kg2 Rd4 28. Rc4 Nxf4+ 29. gxf4 Qg4+ 30. Kh1 Rd5 31. f3 Qh3 32. Qg2 Qd7 33. Rxd3
Rxd3 34. Nxd3 Qxd3 35. Qb2+ Kh7 36. Kg2 1-0

[Event "36. Copenhagen Open (Politiken Cup)"]
[Site "Elsinore"]
[Date "2014.07.24"]
[Round "5"]
[White "Frisk, Hans"]
[Black "Fossan, Petter"]
[Result "0-1"]
[WhiteElo "2042"]
[BlackElo "2257"]
[PlyCount "104"]
[EventDate "2014.07.21"]
[EventType "swiss"]
[EventRounds "10"]
[EventCountry "DEN"]
[Source "ChessBase"]
[SourceDate "2014.08.29"]

1. b3 Nf6 2. Bb2 g6 3. Bxf6 exf6 4. c4 Bg7 5. Nc3 O-O 6. g3 d6 7. Bg2 f5 8. Rc1
c5 9. e3 Nc6 10. Nge2 Bd7 11. O-O Qa5 12. Nf4 a6 13. Nfd5 Rab8 14. a4 Rfe8 15.
h4 h5 16. Qc2 Ne5 17. Ra1 Bc6 18. d4 Bxd5 19. Nxd5 cxd4 20. exd4 Nc6 21. b4 Qd8
22. Rad1 Nxd4 23. Qd3 a5 24. b5 Ne6 25. Ne3 f4 26. Nd5 Be5 27. Bh3 f5 28. Kh1
Nc5 29. Qa3 Ne4 30. Nxf4 Bxf4 31. gxf4 Qxh4 32. Qf3 Rbc8 33. Rd4 Kh7 34. Kh2
Kh6 35. Kg2 Rc5 36. Rfd1 Re7 37. Kf1 Rec7 38. Bxf5 gxf5 39. Rxe4 fxe4 40. Rxd6+
Kg7 41. Qg2+ Qg4 42. Qxe4 Qh3+ 43. Kg1 Qf5 44. Qd4+ Kh7 45. Rd8 Rg7+ 46. Kf1
Rcc7 47. Rd5 Qb1+ 48. Ke2 Rce7+ 49. Re5 Qf5 50. f3 Rxe5+ 51. fxe5 Rd7 52. Qc5
h4 0-1

[Event "36. Copenhagen Open (Politiken Cup)"]
[Site "Elsinore"]
[Date "2014.07.24"]
[Round "5"]
[White "Gao, Rui"]
[Black "Lauridsen, Jesper Morch"]
[Result "1-0"]
[WhiteElo "2529"]
[BlackElo "2244"]
[PlyCount "77"]
[EventDate "2014.07.21"]
[EventType "swiss"]
[EventRounds "10"]
[EventCountry "DEN"]
[Source "ChessBase"]
[SourceDate "2014.08.29"]

1. e4 e5 2. Nf3 Nc6 3. Bb5 Nf6 4. O-O Nxe4 5. d4 Nd6 6. Bxc6 dxc6 7. dxe5 Nf5
8. Qxd8+ Kxd8 9. h3 Ke8 10. Nc3 b6 11. Rd1 Bb4 12. Ne2 Ba6 13. Nf4 Rd8 14.
Rxd8+ Kxd8 15. g4 Nh6 16. Nh5 Bf8 17. Bg5+ Kc8 18. Rd1 Bc5 19. Rd2 Rg8 20. c3
Bc4 21. b4 Bf8 22. Rd8+ Kb7 23. a3 c5 24. Nf6 gxf6 25. Bxh6 Be2 26. Nh2 Bxh6
27. Rxg8 Bd2 28. bxc5 bxc5 29. exf6 Bxc3 30. Rg7 Bxf6 31. Rxf7 c4 32. Rxf6 c3
33. Nf3 c2 34. Rc6 Kxc6 35. Nd4+ Kc5 36. Nxe2 Kc4 37. f4 Kd3 38. Kf2 Ke4 39. f5
1-0

[Event "36. Copenhagen Open (Politiken Cup)"]
[Site "Elsinore"]
[Date "2014.07.24"]
[Round "5"]
[White "Grebstad, Kjell Borre"]
[Black "Gajic, Mladen"]
[Result "0-1"]
[WhiteElo "1994"]
[BlackElo "2201"]
[PlyCount "80"]
[EventDate "2014.07.21"]
[EventType "swiss"]
[EventRounds "10"]
[EventCountry "DEN"]
[Source "ChessBase"]
[SourceDate "2014.08.29"]

1. d4 Nf6 2. c4 c5 3. d5 e6 4. Nf3 b5 5. dxe6 fxe6 6. cxb5 d5 7. e3 Bd6 8. Nc3
Nbd7 9. g3 O-O 10. Bg2 Bb7 11. O-O Re8 12. a4 a6 13. Re1 axb5 14. Nxb5 Bf8 15.
b3 e5 16. Bb2 e4 17. Ng5 Qb6 18. Bh3 Ne5 19. Bxe5 Rxe5 20. Be6+ Rxe6 21. Nxe6
Qxe6 22. Nc7 Qh3 23. Ra2 Rc8 24. Nb5 Ng4 25. f4 d4 26. a5 Rd8 27. Qd2 Ba6 28.
Nc7 Rd6 29. exd4 e3 30. Qc2 e2 31. Rxe2 Bxe2 32. Qxe2 cxd4 33. Qc4+ Kh8 34. Qf7
Rf6 35. Qd7 d3 36. Qc8 Qh5 37. b4 Ne3 38. Qa8 Qd1+ 39. Kf2 d2 40. Rxd2 Qxd2+
0-1

[Event "36. Copenhagen Open (Politiken Cup)"]
[Site "Elsinore"]
[Date "2014.07.24"]
[Round "5"]
[White "Hagen, Thorolf"]
[Black "Akkanen, Timo"]
[Result "1/2-1/2"]
[WhiteElo "1658"]
[BlackElo "1771"]
[PlyCount "64"]
[EventDate "2014.07.21"]
[EventType "swiss"]
[EventRounds "10"]
[EventCountry "DEN"]
[Source "ChessBase"]
[SourceDate "2014.08.29"]

1. e4 c6 2. d4 d5 3. Nc3 dxe4 4. Nxe4 Nd7 5. Nf3 Ngf6 6. Bd3 Nxe4 7. Bxe4 Nf6
8. Bd3 Bg4 9. c3 Qc7 10. O-O e6 11. h3 Bh5 12. Re1 Bd6 13. Be3 O-O-O 14. a4 e5
15. dxe5 Bxe5 16. Bf5+ Kb8 17. Qe2 Bxf3 18. Qxf3 Nd5 19. a5 Nxe3 20. Qxe3 Rhe8
21. Qf3 g6 22. Bd3 f6 23. Bf1 Rd2 24. Re2 Qd7 25. a6 Rxe2 26. Bxe2 b6 27. Rd1
Qe6 28. Qd3 Bc7 29. Bf3 Qe5 30. g3 Rd8 31. Qe2 Qxe2 32. Bxe2 Rxd1+ 1/2-1/2

[Event "36. Copenhagen Open (Politiken Cup)"]
[Site "Elsinore"]
[Date "2014.07.24"]
[Round "5"]
[White "Hansen, Ole Foss"]
[Black "Philipsen, William Horup"]
[Result "0-1"]
[WhiteElo "1766"]
[BlackElo "1951"]
[PlyCount "66"]
[EventDate "2014.07.21"]
[EventType "swiss"]
[EventRounds "10"]
[EventCountry "DEN"]
[Source "ChessBase"]
[SourceDate "2014.08.29"]

1. d4 d5 2. c4 e5 3. dxe5 d4 4. Nf3 Nc6 5. Nbd2 Bg4 6. a3 Qe7 7. b4 O-O-O 8.
Bb2 g6 9. Qb3 Bg7 10. Rd1 d3 11. e3 Bxe5 12. h3 Bg3 13. e4 Bxf3 14. gxf3 Qg5
15. Rb1 Bxf2+ 16. Kd1 Qe3 17. Bg2 Qe2+ 18. Kc1 Be3 19. Rd1 Nd4 20. Bxd4 Rxd4
21. Bh1 Nf6 22. Qc3 Rhd8 23. Kb2 Rxe4 24. Kb3 Bd4 25. Qc1 Rh4 26. Re1 Qf2 27.
Re7 Rxh3 28. f4 Rxh1 29. Qxh1 Qxd2 30. Ka4 Qc2+ 31. Ka5 b6+ 32. Kb5 a6+ 33. Kc6
Rd6# 0-1

[Event "36. Copenhagen Open (Politiken Cup)"]
[Site "Elsinore"]
[Date "2014.07.24"]
[Round "5"]
[White "Hardlei, Johan"]
[Black "Pedersen, Henrik Bolding"]
[Result "0-1"]
[WhiteElo "1884"]
[BlackElo "2134"]
[PlyCount "52"]
[EventDate "2014.07.21"]
[EventType "swiss"]
[EventRounds "10"]
[EventCountry "DEN"]
[Source "ChessBase"]
[SourceDate "2014.08.29"]

1. e4 c6 2. d4 d5 3. Nc3 g6 4. Bf4 Bg7 5. exd5 cxd5 6. Nb5 Na6 7. Qe2 Nf6 8.
Nd6+ Kf8 9. Nxc8 Rxc8 10. c3 Rc6 11. Qd2 Ne4 12. Qd3 Re6 13. Be2 Rb6 14. f3 Nf6
15. Qd2 h6 16. h4 Nc7 17. O-O-O Nb5 18. Bxb5 Rxb5 19. g4 h5 20. g5 Nd7 21. b4
Nb6 22. Be5 Nc4 23. Qf4 Qc8 24. Bc7 e5 25. dxe5 Qxc7 26. a4 Bxe5 0-1

[Event "36. Copenhagen Open (Politiken Cup)"]
[Site "Elsinore"]
[Date "2014.07.24"]
[Round "5"]
[White "Haubro, Martin"]
[Black "Hillarp Persson, Tiger"]
[Result "0-1"]
[WhiteElo "2224"]
[BlackElo "2564"]
[PlyCount "84"]
[EventDate "2014.07.21"]
[EventType "swiss"]
[EventRounds "10"]
[EventCountry "DEN"]
[Source "ChessBase"]
[SourceDate "2014.08.29"]

1. e4 g6 2. d4 Bg7 3. Nc3 d6 4. Be3 a6 5. h4 h6 6. Qd2 b5 7. O-O-O Bb7 8. f3
Nd7 9. Nh3 Ngf6 10. Kb1 Nb6 11. g4 b4 12. Ne2 Nc4 13. Qc1 Nd7 14. Bf2 a5 15.
Ng3 Ndb6 16. h5 g5 17. Nf5 Bf8 18. d5 c5 19. f4 f6 20. Ne3 Nxe3 21. Qxe3 Bg7
22. Bb5+ Kf7 23. Rdf1 Kg8 24. f5 a4 25. Rc1 Kh7 26. a3 bxa3 27. Qxa3 Nd7 28.
Bxd7 Qxd7 29. Rhd1 Rhb8 30. c4 Ba6 31. Rd3 Rb4 32. Rdc3 Rab8 33. Ng1 e6 34. Nf3
exd5 35. exd5 Qe7 36. Re1 Qb7 37. Rc2 Rb3 38. Qxa4 Rxf3 39. Re6 Rb3 40. Rxd6
Rxb2+ 41. Kc1 Rxc2+ 42. Qxc2 Bxc4 0-1

[Event "36. Copenhagen Open (Politiken Cup)"]
[Site "Elsinore"]
[Date "2014.07.24"]
[Round "5"]
[White "Haugli, Petter"]
[Black "Eriksson, Kristian"]
[Result "1/2-1/2"]
[WhiteElo "2286"]
[BlackElo "2058"]
[PlyCount "79"]
[EventDate "2014.07.21"]
[EventType "swiss"]
[EventRounds "10"]
[EventCountry "DEN"]
[Source "ChessBase"]
[SourceDate "2014.08.29"]

1. d4 Nf6 2. c4 e6 3. Nc3 Bb4 4. Qc2 O-O 5. Nf3 c5 6. dxc5 Nc6 7. Bf4 Bxc5 8.
e3 b6 9. Be2 Bb7 10. O-O Rc8 11. Rfd1 d5 12. a3 Qe7 13. cxd5 Nxd5 14. Nxd5 exd5
15. Qd2 Rfd8 16. b4 Bd6 17. Bxd6 Rxd6 18. Rac1 Rdd8 19. Bb5 Ne5 20. Nxe5 Qxe5
21. Qd4 Qxd4 22. exd4 Kf8 23. Re1 Rxc1 24. Rxc1 Rc8 25. Rxc8+ Bxc8 26. Bd3 h6
27. h4 Ke7 28. Kh2 Kf6 29. Kg3 Bf5 30. Bb5 Ke6 31. Kf4 Be4 32. f3 Bc2 33. g4
Bb1 34. Ba6 Bc2 35. Bc8+ Kd6 36. Bf5 Bd1 37. Bd3 Ke6 38. g5 hxg5+ 39. hxg5 Kd6
40. Ke3 1/2-1/2

[Event "36. Copenhagen Open (Politiken Cup)"]
[Site "Elsinore"]
[Date "2014.07.24"]
[Round "5"]
[White "Hector, Jonny"]
[Black "Bach, Matthias"]
[Result "1/2-1/2"]
[WhiteElo "2483"]
[BlackElo "2224"]
[PlyCount "90"]
[EventDate "2014.07.21"]
[EventType "swiss"]
[EventRounds "10"]
[EventCountry "DEN"]
[Source "ChessBase"]
[SourceDate "2014.08.29"]

1. e4 c5 2. Nf3 a6 3. Nc3 b5 4. d4 cxd4 5. Nxd4 e6 6. Bd3 Qb6 7. Be3 Bc5 8. Be2
Nc6 9. Nxc6 Bxe3 10. fxe3 Qxc6 11. Qd4 f6 12. e5 Qc7 13. Bh5+ Kd8 14. Bf3 Rb8
15. Qg4 g6 16. exf6 Qe5 17. f7 Nf6 18. Qb4 d6 19. O-O Ke7 20. Qh4 g5 21. Qh3 h5
22. Bc6 Bd7 23. Bxd7 Kxd7 24. Ne2 Rhf8 25. Nd4 g4 26. Qh4 Rxf7 27. Qe1 Rbf8 28.
Qc3 Qd5 29. Qa3 g3 30. hxg3 e5 31. Nf5 Ne4 32. Qd3 Qc6 33. Nh4 Rxf1+ 34. Rxf1
Rxf1+ 35. Kxf1 Nxg3+ 36. Kg1 Qe4 37. Qxe4 Nxe4 38. Nf5 Ke6 39. Ng7+ Kf7 40.
Nxh5 Kg6 41. g4 Kg5 42. Ng7 Kxg4 43. Kg2 a5 44. a3 Nd2 45. Kf2 Nc4 1/2-1/2

[Event "36. Copenhagen Open (Politiken Cup)"]
[Site "Elsinore"]
[Date "2014.07.24"]
[Round "5"]
[White "Hedlerfog, Robert"]
[Black "Helin, Mikael"]
[Result "0-1"]
[WhiteElo "1678"]
[BlackElo "1885"]
[PlyCount "68"]
[EventDate "2014.07.21"]
[EventType "swiss"]
[EventRounds "10"]
[EventCountry "DEN"]
[Source "ChessBase"]
[SourceDate "2014.08.29"]

1. d3 e5 2. e4 c5 3. f4 Nc6 4. c3 d6 5. Nf3 Nf6 6. Be2 a6 7. a4 h6 8. Be3 Ng4
9. Qc1 Na5 10. Bd1 Qb6 11. b4 Nc6 12. a5 Qa7 13. Bg1 exf4 14. Qxf4 g5 15. Qg3
Be6 16. h3 Nf6 17. Ba4 b5 18. axb6 Qxb6 19. Qh2 Nh5 20. d4 O-O-O 21. d5 Nxb4
22. cxb4 Qxb4+ 23. Nbd2 Bxd5 24. exd5 Bg7 25. Ra2 Bc3 26. Be3 Qb1+ 27. Ke2 Qxa2
28. Bc6 f5 29. Nxg5 hxg5 30. Bxg5 Rhg8 31. Bh6 f4 32. Rd1 Qc2 33. g4 Rge8+ 34.
Bxe8 Rxe8+ 0-1

[Event "36. Copenhagen Open (Politiken Cup)"]
[Site "Elsinore"]
[Date "2014.07.24"]
[Round "5"]
[White "Hendrickson, Nolan"]
[Black "Sorensen, Dick"]
[Result "1-0"]
[WhiteElo "2168"]
[BlackElo "1977"]
[PlyCount "73"]
[EventDate "2014.07.21"]
[EventType "swiss"]
[EventRounds "10"]
[EventCountry "DEN"]
[Source "ChessBase"]
[SourceDate "2014.08.29"]

1. e4 c5 2. Nc3 e6 3. f4 a6 4. Nf3 Nc6 5. g3 d6 6. Bg2 Nf6 7. O-O Be7 8. d3 O-O
9. h3 Rb8 10. g4 b5 11. Ne2 a5 12. Ng3 Ba6 13. f5 Qb6 14. g5 Nd7 15. f6 gxf6
16. gxf6 Bxf6 17. Nh5 c4+ 18. Kh1 Bg7 19. Nxg7 Kxg7 20. Ng5 Nce5 21. d4 Ng6 22.
Qh5 Nf6 23. Rxf6 Kxf6 24. Nxh7+ Ke7 25. Nxf8 Rxf8 26. Be3 b4 27. Qg5+ Kd7 28.
d5 Qd8 29. dxe6+ Kxe6 30. Qf5+ Ke7 31. Bh6 c3 32. bxc3 bxc3 33. Rd1 Bc4 34. Bg7
Qb6 35. Qf6+ Kd7 36. Bxf8 Nxf8 37. e5 1-0

[Event "36. Copenhagen Open (Politiken Cup)"]
[Site "Elsinore"]
[Date "2014.07.24"]
[Round "5"]
[White "Henrichsen, Jens"]
[Black "Kistrup, Nicolai"]
[Result "1/2-1/2"]
[WhiteElo "1959"]
[BlackElo "1786"]
[PlyCount "86"]
[EventDate "2014.07.21"]
[EventType "swiss"]
[EventRounds "10"]
[EventCountry "DEN"]
[Source "ChessBase"]
[SourceDate "2014.08.29"]

1. d4 Nf6 2. Nf3 g6 3. c4 Bg7 4. Nc3 d6 5. g3 O-O 6. Bg2 Nbd7 7. O-O c5 8. d5
Ng4 9. h3 Nge5 10. Nd2 Nb6 11. Qb3 Rb8 12. f4 Ned7 13. a4 Na8 14. Kh2 Nc7 15.
Nf3 b6 16. Qc2 a6 17. Rb1 b5 18. axb5 axb5 19. cxb5 Nxb5 20. Nxb5 Rxb5 21. Nd2
Ba6 22. Re1 Qb8 23. e4 Rc8 24. Nc4 Nb6 25. Na3 Rb4 26. Bd2 Rd4 27. Bc3 Bd3 28.
Qd2 Bxb1 29. Bxd4 Bxd4 30. Rxb1 Na4 31. Nc4 Qb5 32. Bf1 Qb4 33. Qc2 Rb8 34. e5
Nb6 35. Nxb6 Rxb6 36. exd6 exd6 37. b3 Rb8 38. Bc4 Re8 39. Rd1 Re3 40. Qd2 Qb7
41. Re1 Qe7 42. Rxe3 Qxe3 43. Qxe3 Bxe3 1/2-1/2

[Event "36. Copenhagen Open (Politiken Cup)"]
[Site "Elsinore"]
[Date "2014.07.24"]
[Round "5"]
[White "Hinrichs, Lars"]
[Black "Rydstrom, Tom"]
[Result "0-1"]
[WhiteElo "2003"]
[BlackElo "2234"]
[PlyCount "68"]
[EventDate "2014.07.21"]
[EventType "swiss"]
[EventRounds "10"]
[EventCountry "DEN"]
[Source "ChessBase"]
[SourceDate "2014.08.29"]

1. e4 g6 2. d4 Bg7 3. Nc3 c5 4. Nf3 cxd4 5. Nxd4 Nc6 6. Be3 Nf6 7. Nb3 O-O 8.
Be2 d6 9. f4 Be6 10. g4 Rc8 11. O-O Nd7 12. f5 Bxb3 13. axb3 a6 14. Qd2 Re8 15.
Rf3 Nce5 16. Rh3 Qc7 17. Qe1 Nf8 18. Qh4 Qd8 19. Rf1 b5 20. Bh6 Bxh6 21. Qxh6
f6 22. fxg6 Nexg6 23. g5 Qb6+ 24. Kh1 Qd4 25. Bh5 Rc5 26. Rd3 Qe5 27. Rf5 Qe6
28. Rdf3 Rxf5 29. Rxf5 b4 30. Na4 Qxe4+ 31. Rf3 Qe1+ 32. Kg2 Nh4+ 33. Kh3 Nxf3
34. Bxe8 Nxg5+ 0-1

[Event "36. Copenhagen Open (Politiken Cup)"]
[Site "Elsinore"]
[Date "2014.07.24"]
[Round "5"]
[White "Hoiberg, Nina"]
[Black "Olsen, Michael Richard W"]
[Result "1-0"]
[WhiteElo "2224"]
[BlackElo "1990"]
[PlyCount "85"]
[EventDate "2014.07.21"]
[EventType "swiss"]
[EventRounds "10"]
[EventCountry "DEN"]
[Source "ChessBase"]
[SourceDate "2014.08.29"]

1. e4 d5 2. exd5 c6 3. dxc6 Nxc6 4. Nf3 Nf6 5. Nc3 g6 6. h3 Bg7 7. Bc4 O-O 8.
O-O a6 9. a4 Na5 10. Ba2 Qd6 11. d3 Bd7 12. Be3 b5 13. Qd2 b4 14. Ne2 Rfc8 15.
c4 Nc6 16. Rad1 e5 17. b3 Ne8 18. d4 e4 19. Bf4 exf3 20. Bxd6 fxe2 21. Qxe2
Nxd6 22. d5 Nb8 23. Bb1 Ra7 24. Qe3 Rac7 25. Qb6 Bf8 26. Rfe1 Bxa4 27. bxa4
Nxc4 28. Qd4 Bc5 29. Qg4 Nd6 30. Re2 Nd7 31. Re7 Nf6 32. Rxc7 Rxc7 33. Qf4 Nde8
34. Ba2 Bd6 35. Qf3 Rc2 36. Bb1 Rc3 37. Qe2 Nc7 38. Be4 Ra3 39. g3 Rxa4 40. Bc2
Ra2 41. Qc4 Ra3 42. Qc6 Nb5 43. Bd3 1-0

[Event "36. Copenhagen Open (Politiken Cup)"]
[Site "Elsinore"]
[Date "2014.07.24"]
[Round "5"]
[White "Hojgaard, Brandur"]
[Black "Rimer, Jan"]
[Result "0-1"]
[WhiteElo "1779"]
[BlackElo "2039"]
[PlyCount "64"]
[EventDate "2014.07.21"]
[EventType "swiss"]
[EventRounds "10"]
[EventCountry "DEN"]
[Source "ChessBase"]
[SourceDate "2014.08.29"]

1. e4 c5 2. Nf3 g6 3. Bc4 Nc6 4. O-O Bg7 5. c3 e6 6. d4 cxd4 7. cxd4 d5 8. exd5
exd5 9. Bb5 Nge7 10. Ne5 O-O 11. Nxc6 bxc6 12. Ba4 Qb6 13. Be3 Qxb2 14. Qb3
Bxd4 15. Bxd4 Qxd4 16. Nc3 Be6 17. Ne2 Qg4 18. f3 Qg5 19. Rac1 Rab8 20. Qa3 Bd7
21. Rc5 Nf5 22. Bxc6 Ne3 23. Rf2 Bxc6 24. Rxc6 Rb1+ 25. Rc1 Nc4 26. Qxf8+ Kxf8
27. Rxb1 Qd2 28. Ng3 Qd3 29. Re1 a5 30. h4 h5 31. Ne2 Qe3 32. Rd1 Nb2 0-1

[Event "36. Copenhagen Open (Politiken Cup)"]
[Site "Elsinore"]
[Date "2014.07.24"]
[Round "5"]
[White "Hoyer, Jacob K"]
[Black "Hoi, Carsten"]
[Result "0-1"]
[WhiteElo "2200"]
[BlackElo "2401"]
[PlyCount "64"]
[EventDate "2014.07.21"]
[EventType "swiss"]
[EventRounds "10"]
[EventCountry "DEN"]
[Source "ChessBase"]
[SourceDate "2014.08.29"]

1. d4 Nf6 2. c4 d6 3. Nc3 e5 4. d5 Be7 5. e4 a5 6. Nge2 h5 7. f3 Nbd7 8. Be3
Nh7 9. Qd2 Bg5 10. g3 Bxe3 11. Qxe3 Qg5 12. f4 Qe7 13. Bh3 Nhf6 14. Bxd7+ Bxd7
15. O-O-O b6 16. Kb1 h4 17. Nc1 O-O-O 18. Nd3 Ng4 19. Qe2 hxg3 20. hxg3 Kb7 21.
Ka1 Rde8 22. f5 Qg5 23. b4 axb4 24. Nxb4 Qe3 25. Qb2 Rxh1 26. Rxh1 Nf2 27. Rh7
Nxe4 28. Nxe4 Qxe4 29. Rxg7 Rh8 30. a4 Rh1+ 31. Ka2 Qxc4+ 32. Ka3 Rc1 0-1

[Event "36. Copenhagen Open (Politiken Cup)"]
[Site "Elsinore"]
[Date "2014.07.24"]
[Round "5"]
[White "Hvenekilde, Jorgen"]
[Black "Hoti, Nimon"]
[Result "0-1"]
[WhiteElo "2122"]
[BlackElo "1887"]
[PlyCount "76"]
[EventDate "2014.07.21"]
[EventType "swiss"]
[EventRounds "10"]
[EventCountry "DEN"]
[Source "ChessBase"]
[SourceDate "2014.08.29"]

1. e4 c6 2. d4 d5 3. e5 c5 4. Nf3 Bg4 5. Be2 e6 6. O-O Qb6 7. Nbd2 cxd4 8. h3
Bxf3 9. Nxf3 Nc6 10. a3 Nge7 11. Re1 Ng6 12. Bd3 Be7 13. g3 Qc7 14. Qe2 a6 15.
h4 h6 16. b4 Bd8 17. Bb2 O-O 18. h5 Nge7 19. Nxd4 Nxd4 20. Bxd4 Nc6 21. Bb2 Qe7
22. Rad1 Bb6 23. Qg4 Kh8 24. Kg2 Qg5 25. Qh3 Bd4 26. Bc1 Qe7 27. f4 Bc3 28. f5
Nxe5 29. Re2 Rae8 30. Bf4 Nxd3 31. Rxd3 d4 32. Rf3 Qd8 33. fxe6 fxe6 34. Rxe6
Qd5 35. Rxe8 Rxe8 36. Qg4 Re2+ 37. Kh3 Qe4 38. Bd6 Rh2+ 0-1

[Event "36. Copenhagen Open (Politiken Cup)"]
[Site "Elsinore"]
[Date "2014.07.24"]
[Round "5"]
[White "Hyldkrog, Lars"]
[Black "Skou, Niels"]
[Result "0-1"]
[WhiteElo "1963"]
[BlackElo "2141"]
[PlyCount "76"]
[EventDate "2014.07.21"]
[EventType "swiss"]
[EventRounds "10"]
[EventCountry "DEN"]
[Source "ChessBase"]
[SourceDate "2014.08.29"]

1. e4 d5 2. exd5 Nf6 3. d4 Nxd5 4. Nf3 g6 5. c4 Nb6 6. Nc3 Bg7 7. c5 Nd5 8. Bc4
c6 9. O-O O-O 10. Re1 Bg4 11. Bg5 Nf6 12. Re3 b5 13. cxb6 axb6 14. h3 Bxf3 15.
Rxf3 Na6 16. a4 Qd6 17. Qe2 Nb4 18. Rd1 Ra7 19. Bxf6 exf6 20. b3 f5 21. Qd2 Rd7
22. Ne2 Rfd8 23. h4 h5 24. Rg3 Kh7 25. Rf3 c5 26. d5 Qe7 27. g3 Nxd5 28. Bb5
Rd6 29. Rd3 Bh6 30. f4 Bf8 31. Bc4 Nf6 32. Rxd6 Rxd6 33. Qxd6 Qe3+ 34. Kh1 Bxd6
35. Rxd6 Ne4 36. Rd7 Nf2+ 37. Kg2 Ng4 38. Rxf7+ Kh6 0-1